00337cam a22000977a 4500008004000000082001800040245009000058260004600148300000900194700003600203180718b1954 xxu||||| |||| 00| 0 eng d aI5001 G9/1954 aDescriptive memoir of Ministry of Law, April 1954cby Ministry of Home Affairs, India aNew DelhibMinistry of Home Affairsc1954 a11+p aIndia. Ministry of Home Affairs